Sobre los principios : (Registro nro. 196299)

Detalles MARC
000 -LEADER
campo de control de longitud fija 01656nam a2200373 i 4500
001 - NÚMERO DE CONTROL
campo de control 196299
003 - IDENTIFICADOR DE NÚMERO DE CONTROL
campo de control ES-MaACL
005 - FECHA Y HORA DE LA ÚLTIMA TRANSACCIÓN
campo de control 20250803063109.0
008 - DATOS DE LONGITUD FIJA--INFORMACIÓN GENERAL
campo de control de longitud fija 240829s2006 ag b 000 0 spa c
020 ## - NÚMERO INTERNACIONAL ESTÁNDAR DEL LIBRO
Número Internacional Estándar del Libro 987558102X
020 ## - NÚMERO INTERNACIONAL ESTÁNDAR DEL LIBRO
Número Internacional Estándar del Libro 9789875581029
035 ## - NÚMERO DE CONTROL DEL SISTEMA
Número de control de sistema (ES-BaCBU).b48090220
040 ## - FUENTE DE CATALOGACIÓN
Centro catalogador/agencia de origen ES-BaCBU
Lengua de catalogación cat
Centro/agencia transcriptor ES-BaCBU
Centro/agencia modificador ES-MaACL
082 ## - NÚMERO DE LA CLASIFICACIÓN DECIMAL DEWEY
Número de clasificación 300.980
100 1# - ENTRADA PRINCIPAL--NOMBRE DE PERSONA
Nombre de persona Díaz Quiñones, Arcadio,
Fechas asociadas al nombre 1940-
Término indicativo de función/relación Autor
9 (RLIN) 44401
245 10 - MENCIÓN DEL TÍTULO
Título Sobre los principios :
Resto del título los intelectuales caribeños y la tradición /
Mención de responsabilidad, etc. Arcadio Díaz Quiñones.
246 30 - FORMA VARIANTE DEL TITULO
Título propio/Titulo breve Intelectuales caribeños y la tradición
260 ## - PUBLICACIÓN, DISTRIBUCIÓN, ETC.
Lugar de publicación, distribución, etc. Bernal, Argentina :
Nombre del editor, distribuidor, etc. Universidad Nacional de Quilmes Editorial ,
Fecha de publicación, distribución, etc. 2006.
300 ## - DESCRIPCIÓN FÍSICA
Extensión 526 páginas ;
Dimensiones 20 cm
336 ## - TIPO DE CONTENIDO
Fuente rdacontent
Término de tipo de contenido texto
337 ## - TIPO DE MEDIO
Fuente rdamedia
Nombre/término del tipo de medio sin mediación
338 ## - TIPO DE SOPORTE
Fuente rdacarrier
Nombre/término del tipo de soporte volumen
504 ## - NOTA DE BIBLIOGRAFÍA, ETC.
Nota de bibliografía, etc. Bibliografia
520 ## - RESUMEN, ETC.
Sumario, etc. La zona de este libro es el Caribe y sus protagonistas son poetas, escritores, intelectuales. El nombre Caribe no se ha generalizado en la historiografía moderna, que ha estado más atenta a la emergencia de la “nación” y la creación de estados independientes.
650 #4 - PUNTO DE ACCESO ADICIONAL DE MATERIA--TÉRMINO DE MATERIA
Término de materia o nombre geográfico como elemento de entrada Intelectuales
Fuente del encabezamiento o término lemac
9 (RLIN) 13848
830 #0 - PUNTO DE ACCESO ADICIONAL DE SERIE-TÍTULO UNIFORME
Título uniforme Intersecciones
9 (RLIN) 238646
852 ## - LOCALIZACIÓN
Ubicación ES-MaACL
Ubicación en estantería Depósito J
Número de control de estantería N-10107
Anotaciones manuscritas Dedicatoria autógrafa del autor
Donativo/Legado Donacion: Arcadio Díaz Quiñones
Encuadernación Encuadernación rústica
itemnumber 206226
903 ## - NOMBRE PERSONAL DE DONANTE
a Díaz Quiñones, Arcadio,
d 1940-
e Donante
9 44401
942 ## - ELEMENTOS DE ENTRADA SECUNDARIOS (KOHA)
Tipo de ítem Koha Libro impreso
Suprimir en OPAC No
Existencias
Estatus retirado Estado de pérdida Fuente del sistema de clasificación o colocación Estado de daño No para préstamo Colección Biblioteca de origen Biblioteca actual Ubicación en estantería Fecha de adquisición Fuente de adquisición Total de préstamos Signatura topográfica completa Código de barras Visto por última vez Precio de reemplazo Tipo de ítem Koha
    Clasificación decimal universal     Libros con dedicatorias Biblioteca del Ateneo de Madrid Biblioteca del Ateneo de Madrid Depósito J 14/07/2025 Donación   N-10107 2025-0617 14/07/2025 14/07/2025 Libro impreso